Pla d'actuació de mandat 2020-2023 : una estratègia municipalista per a un desenvolupament sostenible una estratègia municipalista per a un desenvolupament sostenible
Descripción Física:
252 pàg. ; il. col. ; 30 cm.
Idioma:
Catalán
MARC
| LEADER | 00000nam a22000007a 4500 | ||
|---|---|---|---|
| 001 | 26855 | ||
| 003 | Arxiu | ||
| 005 | 20260324181142.0 | ||
| 008 | 221011b spa||||| |||| 00| 0 cat d | ||
| 017 | |a B 1921-2022 | ||
| 040 | |a agdb | ||
| 110 | 1 | |a Barcelona (Catalunya : Província). |b Diputació |9 52408 | |
| 245 | |a Pla d'actuació de mandat 2020-2023 : |b una estratègia municipalista per a un desenvolupament sostenible | ||
| 250 | |a Segona edició | ||
| 260 | |a Barcelona : |b Diputació de Barcelona ; |c juny 2021 | ||
| 300 | |a 252 pàg. ; |b il. col. ; |c 30 cm. | ||
| 610 | 1 | 0 | |a Barcelona (Catalunya : Província). |b Diputació |9 52408 |
| 710 | 1 | |9 52746 |a Barcelona (Catalunya : Província). |b Diputació. |t Pla d'actuació de mandat 2020-2023 | |
| 942 | |2 udc |c ARXIU |n 1 | ||
| 952 | |0 0 |1 0 |2 udc |4 0 |6 BIB973 |7 1 |9 63969 |a Arxiu |b Arxiu |d 2022-10-11 |l 0 |o Bib-973 |p 26855 |r 2022-10-11 00:00:00 |w 2022-10-11 |y ARXIU | ||
| 999 | |c 82688 |d 82688 | ||